Statistics for US States Abbreviations

Click here to take the quiz!

General Stats

  • This quiz has been taken 4,201 times
    (4,199 since last reset)
  • The average score is 40 of 50

Answer Stats

AbbreviationState% Correct
ALAlabama
98%
AZArizona
95%
CACalifornia
94%
FLFlorida
93%
ARArkansas
92%
COColorado
91%
ILIllinois
90%
INIndiana
90%
AKAlaska
89%
DEDelaware
89%
GAGeorgia
89%
IDIdaho
89%
KSKansas
89%
KYKentucky
87%
CTConnecticut
86%
HIHawaii
86%
IAIowa
83%
NYNew York
83%
NJNew Jersey
82%
LALouisiana
80%
NVNevada
80%
OHOhio
80%
OKOklahoma
79%
MEMaine
78%
NCNorth Carolina
78%
MNMinnesota
77%
NHNew Hampshire
77%
TXTexas
77%
MDMaryland
76%
MIMichigan
76%
MTMontana
76%
NDNorth Dakota
76%
MAMassachusetts
75%
NMNew Mexico
75%
OROregon
75%
UTUtah
75%
SCSouth Carolina
74%
MSMississippi
73%
PAPennsylvania
73%
SDSouth Dakota
73%
TNTennessee
73%
NENebraska
71%
RIRhode Island
71%
WAWashington
71%
WYWyoming
71%
VTVermont
70%
VAVirginia
69%
MOMissouri
68%
WVWest Virginia
68%
WIWisconsin
67%

Score Distribution

Percentile by Number Answered

Percent of People with Each Score

Your Score History

You have not taken this quiz since the last reset